000
00315nam a2200133Ia 4500
008
150301s2015 xx 000 0 und d
082
_a
615.5
_b
E07S
100
_a
SINGHAL, K.C
245
_a
ESSENTIALS OF PHARMCO-THERAPEUTICS
260
_b
CBS- DELHI
300
_a
150
650
_a
PHARMACEUTICS
942
_2
ddc
_c
BK
999
_c
7381
_d
7381